| 000 | 01588cam a2200469 a 4500 | ||
|---|---|---|---|
| 001 | 21192 | ||
| 003 | VRT | ||
| 005 | 20260224143334.0 | ||
| 008 | 240322s1990 xo gr 000 pdslo | ||
| 015 | _aSNBA1990/07 | ||
| 020 |
_a8022001856 _q(viazané) |
||
| 035 | _a0DBA6BC1-39E2-4AF7-ABEE-FBAC07A56A6A | ||
| 035 | _aSNK000005641 | ||
| 035 | _aurn:nbn:sk:snk-am004q78 | ||
| 035 | _aurn:nbn:sk:snk-amku69 | ||
| 039 | 9 |
_a202403221340 _bVLOAD _c202402261754 _dVLOAD _c202307251214 _dmsnk160 _c202109281330 _dVLOAD |
|
| 040 |
_aSNK _bslo _cSNK _eAACR2 |
||
| 041 | 0 | _aslo | |
| 044 |
_axo _cSK |
||
| 072 | 7 |
_a821.162.4-1 _xSlovenská poézia _2konspekt |
|
| 080 |
_a821.162.4-1 _22011 |
||
| 080 |
_a(0:82-146.2) _22011 |
||
| 100 | 1 |
_aHolečka, Emil, _d1946- _4aut |
|
| 245 | 1 | 0 |
_aNahé a v pohybe _cEmil Holečka |
| 250 | _a1. vyd. | ||
| 260 |
_aBratislava _bSlovenský spisovateľ _c1990 |
||
| 300 |
_a62 strán _c23 cm |
||
| 366 | _e400 kusov | ||
| 490 | 1 | _aNová poézia | |
| 500 | _aObsahuje biografické údaje o autorovi | ||
| 655 | 7 |
_aslovenská poézia _2SNKPH |
|
| 655 | 7 |
_aľubostná poézia _2SNKPH |
|
| 830 | 0 | _aNová poézia | |
| 942 |
_2ddc _cKLDO _n0 |
||
| 949 |
_617A0353642 _9P60, <04>, [BOOK], {604} _asnkSC 77959 D2 _bsnkKSP 10009/2002 |
||
| 949 |
_6273K0246272 _asvkpoB 59732 _bsvkpo369636 |
||
| 949 |
_6270001000052825 _asvkbbB 24686 _bsvkbbm 553904 |
||
| 949 |
_617A0991115 _asnkSC 77959 |
||
| 949 |
_617A1163031 _asnkSC 77959 D1 _bsnkKSP 7479/90 _s6100:20140925 |
||
| 949 |
_6273K0246271 _asvkpoB 59732a _bsvkpo369637 |
||
| 999 |
_c21192 _d21192 |
||